| 000 | 00608nam a22002057a 4500 | ||
|---|---|---|---|
| 999 |
_c24364 _d24364 |
||
| 003 | NUST | ||
| 005 | 20190214063447.0 | ||
| 008 | 140520b xxu||||| |||| 00| 0 eng d | ||
| 020 | _cAvailable | ||
| 038 | _aNusrat Nadeem | ||
| 040 |
_aDLC _bDLC _cRCMS |
||
| 082 | _a348.95491 ALI | ||
| 100 |
_aAli Hamid,Zaka Ali _913649 |
||
| 245 |
_aThe Revised Leave Rule,1980 With Notifications Corrected & Notified _cHamid Ail,Zaka Ali |
||
| 250 | _aRevised Edition | ||
| 260 |
_aKarachi _bThe Ideal Publisher _c2009 |
||
| 300 |
_aii,33,p: _bill: _c22,cm. |
||
| 600 |
_xLeave Rules,1980 _913650 |
||
| 942 |
_2ddc _cBK |
||